Closest 2M cities to each major circle, with a map - Statistics

General Stats
  • This quiz has been taken 55 times
  • The average score is 19 of 25
Answers on the Map
Answers color-coded by a green-red scale on the quiz's map according to % correct below.
 
Answer Stats
Answer % Correct
Moscow
100%
Saint Petersburg
100%
Stockholm
98%
Havana
94%
Minsk
92%
Dhaka
90%
Quito
90%
Rio de Janeiro
88%
Santiago
88%
São Paulo
88%
Sydney
88%
Melbourne
86%
Cape Town
84%
Nairobi
84%
Buenos Aires
82%
Singapore
82%
Guangzhou
78%
Leeds
78%
Asuncion
73%
Kampala
73%
Belém
61%
Curitiba
45%
Campinas
43%
Bhopal
22%
Shantou
18%
No matching quizzes found
Score Distribution
Percent of People with Each Score
Percentile by Number Answered
Your Score History
You have not taken this quiz